000 00412cam a22001337a 4500
008 180718b1992 xxu||||| |||| 00| 0 eng d
082 _aAPPPA 91-92 DIE
100 _aDiesh, Jyotsna
245 _aPostal life insurance growth and trends
_cby Jyotsna Diesh
260 _aNew Delhi
_bIndian Institute of Public Administration
_c1992
300 _a119p.
650 _aLife insurance
650 _aPostal life insurance
999 _c501575
_d501575